| 000 | 00514cam a22001934a 4500 | ||
|---|---|---|---|
| 005 | 20250605164301.0 | ||
| 008 | 250528s ||||||||||||||||||||||||d | ||
| 035 | _a22074 | ||
| 020 | _a9789602729076 | ||
| 040 |
_aGR-AtMCL _bgre _dGR-AtMCL _eAACR2 |
||
| 245 | 1 | _aΔΗΜΟΣΙΟ ΔΙΕΘΝΕΣ ΔΙΚΑΙΟ | |
| 250 | _a1 | ||
| 260 |
_bAddison-Wesley Publishing Company, _c2010 |
||
| 300 | _a559 | ||
| 700 | 1 |
_aΡουκουνας Εμμανουηλ _97949 |
|
| 942 | _cBK | ||
| 999 |
_c7130 _d7130 |
||